000 00436nam a22001577a 4500
020 _a978-93-80816-08-1
082 _a823
_bTWA/A
100 _aTWAIN, MARK
245 _aTHE ADVENTURES OF HUCKLEBERRY FINN
_bADVENTURE STORY
246 _aTHE ADVENTURES OF HUCKLEBERRY FINN
_bADVENTURE STORY
260 _aNEW DELHI
_bMAPLE PRESS PVT, LTD
_c2012
300 _a336
520 _aADVENTURE STORY
650 _aADVENTURE STORY
942 _cBK
999 _c2897
_d2897